| 000 | 00771nam a22002057a 4500 | ||
|---|---|---|---|
| 003 | BD-DhUL | ||
| 005 | 20221213113539.0 | ||
| 008 | 221208s1970 ii a|||| |||| 00| 0 eng | ||
| 020 | _a8172934475 (hbk) | ||
| 040 |
_aBD-DhUL _cBD-DhUL |
||
| 082 |
_a891.443 _bABB |
||
| 100 | 3 | _aআব্দুল জব্বার | |
| 245 | 0 | 0 |
_aবাংলার চালচিত্র / _cআব্দুল জব্বার । |
| 260 |
_aকলকাতা : _bমিত্র ও ঘোষ, _c১৯৭০ (২০১৬ মুদ্রণ) । |
||
| 300 |
_a[১২], ২৯২ পৃ. : _bচিত্র ; _c২২ সেমি. |
||
| 365 |
_2IRS _a300.00 |
||
| 650 | 4 | _aবাংলা উপন্যাস । | |
| 650 | 4 | _aBengali fiction. | |
| 942 |
_2ddc _cBK |
||
| 999 |
_c257662 _d257662 |
||